00535 2200181 4500001002100000005001500021035002000036245010000056100003000156250000600186300003300192260004600225082000800271084001400279020001800293600003000311990001200341INLIS00000000000335920260211102716 a0010-02260000251 aPEMUDA DAN KELAUTAN :bPemanasan Global dan Perubahan Garis Pantai /cDr. Adhyaksa Dault, M. Si0 aDr. Adhyaksa Dault, M. Si aV a56 hlm :bilus ;c21 x 30 cm aYogyakarta :bPT.Citra Aji Pratama,c2018 a903 a903 DR. p a602-8227-42-1 4aDr. Adhyaksa Dault, M. Si a0750973